[Event "Leningrad-chT"]
[Site "Leningrad"]
[Date "1989.??.??"]
[Round "?"]
[White "Klovans, Janis"]
[Black "Dautov, Rustem"]
[Result "0-1"]
[WhiteElo "2355"]
[BlackElo "2535"]

1.e4 c5 2.Nf3 Nc6 3.d4 cxd4 4.Nxd4 Nf6 5.Nc3 d6 6.Bg5 e6 7.Qd2 Be7 8.O-O-O O-O
9.Nb3 a6 10.Bxf6 gxf6 11.f4 Kh8 12.Kb1 b5 13.f5 b4 14.Ne2 e5 15.Ng3 a5 16.Bc4 a4
17.Nc1 Bb7 18.Bd5 Rb8 19.Nce2 Na5 20.Bxb7 Rxb7 21.b3 Ra7 22.Nc1 Nc6 23.Nh5 Rg8
24.Ne2 Qa5 25.Rhg1 Nb8 26.g4 Nd7 27.Nc1 Rc7 28.Rg2 Qa8 29.Re1 Nc5 30.Qe3 d5
31.exd5 Qxd5 32.Rd2 Qa8 33.h3 Qc6 34.Qe2 Rgc8 35.g5 axb3 36.axb3 fxg5 37.Qxe5+ f6
38.Qd5 Qe8 39.Rde2 Qf8 40.Nd3 Nxd3 41.cxd3 Rd8 42.Qa5 Rcd7 43.d4 Rxd4 44.Qc7 Qf7
45.Kb2 Rd3 46.Re6 Qxh5 47.Rxe7 Rd2+  0-1

[Event "Leningrad"]
[Site "Leningrad"]
[Date "1989.??.??"]
[Round "?"]
[White "Yuneev, Alexey"]
[Black "Aseev, Konstantin N"]
[Result "1/2-1/2"]
[WhiteElo "2345"]
[BlackElo "2485"]

1.e4 c5 2.Nf3 d6 3.d4 cxd4 4.Nxd4 Nf6 5.Nc3 Nc6 6.Bg5 e6 7.Qd2 Be7 8.O-O-O O-O
9.f4 h6 10.Bh4 e5 11.Nf5 Bxf5 12.exf5 exf4 13.Qxf4 d5 14.Kb1 d4 15.Bxf6 Bxf6
16.Ne4 Be5 17.Qg4 Rc8 18.Bc4 Qd7 19.Qh5 Na5 20.Bd3 f6 21.Qe2 b5 22.Bxb5 Qxf5
23.Bd3 Qd7 24.Ng3 Qf7 25.Nf5 Rfd8 26.Qg4 Kf8 27.Nh4 Rc5 28.Ng6+ Kg8 29.Bf5 Rd6
30.Nxe5 Rxe5 31.Bg6  1/2-1/2

[Event "Lugano op"]
[Site "Lugano"]
[Date "1989.??.??"]
[Round "3"]
[White "Bode, Ulf"]
[Black "Kluss, Kai"]
[Result "0-1"]
[WhiteElo "2280"]
[BlackElo "2225"]

1.e4 c5 2.Nf3 d6 3.d4 cxd4 4.Nxd4 Nf6 5.Nc3 Nc6 6.Bg5 Qa5 7.Bxf6 gxf6 8.Nb3 Qc7
9.Nd5 Qd8 10.f4 e6 11.Ne3 Qc7 12.Qd2 Bd7 13.O-O-O O-O-O 14.Kb1 Kb8 15.g3 h5
16.h4 Be7 17.Be2 Rhe8 18.Bf3 a5 19.c3 a4 20.Nd4 Na5 21.Qd3 Qb6 22.f5 d5 23.exd5 e5
24.Ndc2 Bd6 25.Qe4 Rc8 26.Ka1 Bb5 27.Rh2 a3 28.bxa3 Rxc3 29.Rb1 Qa6 30.Rb2 Rec8
31.Bd1 Nc4 32.Nxc4 R8xc4 33.Qe2 Rc5 34.Qxh5 e4 35.Qh8+ Ka7 36.Qxf6 Rxg3 37.Qd4 Rd3
38.Qf6 Rxd1+  0-1

[Event "Lugano op"]
[Site "Lugano"]
[Date "1989.??.??"]
[Round "8"]
[White "Sax, Gyula"]
[Black "Wilder, Michael"]
[Result "1/2-1/2"]
[WhiteElo "2610"]
[BlackElo "2540"]

1.e4 c5 2.Nf3 d6 3.d4 cxd4 4.Nxd4 Nf6 5.Nc3 Nc6 6.Bg5 e6 7.Qd2 Be7 8.O-O-O O-O
9.Nb3 Qb6 10.f3 Rd8 11.Kb1 a6 12.Be3 Qc7 13.Qf2 Nd7 14.h4 b5 15.h5 Bb7 16.Qg3 Bf8
17.Bg5 Re8 18.Bd3 b4 19.Ne2 Nce5 20.f4 Nxd3 21.cxd3 a5 22.Nbd4 d5 23.e5 Ba6
24.Rhf1 Rac8 25.Rc1 Nc5 26.Rf3 Qd7 27.Rd1 b3 28.a3 Na4 29.Rd2 Qc7 30.Qg4 Nc5
31.Bf6 g6  1/2-1/2

[Event "Lugano op"]
[Site "Lugano"]
[Date "1989.??.??"]
[Round "9"]
[White "Schaack, Harry"]
[Black "Giffard, Nicolas"]
[Result "1/2-1/2"]
[WhiteElo "2200"]
[BlackElo "2345"]

1.e4 c5 2.Nf3 Nc6 3.d4 cxd4 4.Nxd4 Nf6 5.Nc3 d6 6.Bg5 Qb6 7.Nb3 e6 8.Qd2 Be7
9.O-O-O O-O 10.f4 h6 11.Bxf6 Bxf6 12.g4 Rd8 13.h4 a5 14.g5 Bxc3 15.Qxc3 Qf2
16.Qd2 Qxd2+ 17.Rxd2 e5 18.f5 a4 19.Na1 Na5 20.gxh6 gxh6 21.c3 b6 22.Nc2 Bb7
23.Bg2 Nc4 24.Rd3 Kh7 25.Re1 Rg8 26.Bh3 Rad8 27.Nb4 Kg7 28.Nd5 Bxd5 29.Rxd5 Kf6
30.Rd3 Na5 31.Red1 Nb7 32.b4 axb3 33.axb3 Ke7 34.b4 Ra8 35.Kb2 Ra7 36.Ra1 Rxa1
37.Kxa1 Rg1+ 38.Kb2 Re1 39.f6+ Kd8 40.Rg3 Kc7 41.Bf5 Rf1 42.Rg8 b5 43.Rc8+  1/2-1/2

[Event "Marseille"]
[Site "Marseille"]
[Date "1989.??.??"]
[Round "?"]
[White "Tal, Mihail"]
[Black "Kozul, Zdenko"]
[Result "1/2-1/2"]
[WhiteElo "2610"]
[BlackElo "2490"]

1.e4 c5 2.Nf3 d6 3.d4 cxd4 4.Nxd4 Nf6 5.Nc3 Nc6 6.Bg5 e6 7.Qd2 a6 8.O-O-O Bd7
9.f4 b5 10.Bxf6 gxf6 11.f5 Nxd4 12.Qxd4 Bh6+ 13.Kb1 Bf4 14.Ne2 Be5 15.Qd2 exf5
16.exf5 Bxf5 17.Nf4 Qb6 18.Bd3 Be6 19.Be4 Rc8 20.Rhe1 Rc4 21.Nxe6 fxe6 22.Qh6 Qc7
23.Bg6+ Kd8 24.Bd3 Rf4 25.Qh3 Rb4 26.Rxe5 Qc3 27.b3 Qxe5 28.Qf3 d5 29.Qf2 Re8
30.Re1 Qd6 31.Qxf6+ Kc7 32.Re5 Rg4 33.g3 Re7 34.Bxh7 Rgg7 35.Bd3 Qb6 36.Qf4 Qd6
37.Qd4 Kb7 38.Qe3 Qb6 39.Qe2 Qd6 40.Qe3 Qb6 41.Qe1  1/2-1/2

[Event "URS-ch sf"]
[Site "Moscow"]
[Date "1989.??.??"]
[Round "?"]
[White "Nikolenko, Oleg"]
[Black "Baikov, Vladimir A"]
[Result "1-0"]
[WhiteElo "2405"]
[BlackElo "2345"]

1.e4 c5 2.Nf3 d6 3.d4 cxd4 4.Nxd4 Nf6 5.Nc3 Nc6 6.Bg5 e6 7.Qd2 Be7 8.O-O-O O-O
9.Nb3 d5 10.Bxf6 Bxf6 11.exd5 Bxc3 12.Qxc3 exd5 13.Kb1 Be6 14.Bb5 Rc8 15.Bxc6 Rxc6
16.Qd3 Qf6 17.Nd4 Rc4 18.Rd2 Rfc8 19.Re1 g6 20.g3 Bd7 21.Re3 b5 22.f4 b4
23.Re5 Qd6 24.Qf3 Be6 25.Nxe6 fxe6 26.Qe3 R4c6 27.Re2 d4 28.Qd3 Kf7 29.g4 Rc5
30.Rxe6 Qxe6 31.Rxe6 Kxe6 32.Qxd4 a5 33.b3 R8c7 34.h3 R7c6 35.Qe4+ Kf7 36.h4 Re6
37.Qd4 Rec6 38.Qd7+ Kf8 39.Qd3 Ke7 40.Qe4+ Kd6 41.Kb2 Kc7 42.h5 gxh5 43.Qxh7+ Kb6
44.gxh5 Rc7 45.Qd3 Rxh5  1-0

[Event "URS-ch sf"]
[Site "Moscow"]
[Date "1989.??.??"]
[Round "?"]
[White "Glek, Igor V"]
[Black "Arbakov, Valentin"]
[Result "1/2-1/2"]
[WhiteElo "2475"]
[BlackElo "2400"]

1.e4 c5 2.Nf3 d6 3.d4 cxd4 4.Nxd4 Nf6 5.Nc3 Nc6 6.Bg5 e6 7.Qd2 a6 8.O-O-O Bd7
9.f4 b5 10.Nxc6 Bxc6 11.Qe1 Be7 12.Bd3 b4 13.Bxf6 gxf6 14.Ne2 Qb6 15.Ng3 Qc5
16.Kb1 a5 17.c3 Rb8 18.Rc1 Kd7 19.cxb4 Qxb4 20.Qe2 Bb5 21.Rhd1 Rhc8 22.Rxc8 Kxc8
23.a3 Bxd3+ 24.Rxd3 Qb5 25.Qc2+ Kd7 26.Rc3 f5 27.exf5 Bf6 28.fxe6+ Kxe6 29.Re3+ Kd7
30.b3 a4 31.b4 Bd4 32.Re2 Rc8 33.Qf5+ Qxf5+ 34.Nxf5 Bf6 35.Rd2 Rc6 36.b5 Rb6
37.Rd5 Bd8 38.Ne3 Bc7 39.Kc2 Rb8 40.Rh5 Bb6 41.Nc4 Bc5 42.Rxh7 Ke6 43.b6 Bxb6
44.Rh6+ f6 45.Nxb6 Rxb6 46.g4 Kf7 47.Rh3 d5 48.f5 Rb8 49.Rh7+ Kg8 50.Ra7 Rb3
51.Rxa4 Rh3 52.Ra8+ Kg7 53.a4 Rxh2+ 54.Kd3 Rg2 55.Kd4 Rxg4+ 56.Kxd5 Rf4 57.Ra7+ Kh6
58.Ke6 Kg5 59.Rg7+ Kh6 60.Ra7 Kg5 61.Rg7+ Kh6 62.Rg6+ Kh7 63.Kxf6 Rxa4 64.Kg5 Ra7
65.Rh6+ Kg7 66.f6+ Kg8 67.Kg6 Rg7+ 68.Kf5 Ra7 69.Rh1 Ra2  1/2-1/2

[Event "URS-sf Moscow-ch"]
[Site "Moscow"]
[Date "1989.??.??"]
[Round "?"]
[White "Timoshenko, Georgy"]
[Black "Kiselev, Sergey"]
[Result "1/2-1/2"]
[WhiteElo "2535"]
[BlackElo "2445"]

1.e4 c5 2.Nf3 Nc6 3.d4 cxd4 4.Nxd4 Nf6 5.Nc3 d6 6.Bg5 e6 7.Qd2 a6 8.O-O-O h6
9.Be3 Be7 10.f4 Nxd4 11.Qxd4 Qa5 12.Qb6 Qxb6 13.Bxb6 Bd7 14.e5 dxe5 15.fxe5 Ng4
16.Re1 h5 17.h3 Nh6 18.g4 Bh4 19.Re2 hxg4 20.hxg4 Nxg4 21.Kb1 Bc6 22.Ne4 Nxe5
23.Bg2 Nc4 24.Bc7 Kd7 25.Bf4 e5 26.Bc1 Be7 27.Rf1 f6 28.b3 Na3+ 29.Kb2 Nb5
30.a4 Nd4 31.Rd2 Kc7 32.Nc3 Bb4 33.Bxc6 Kxc6 34.Rg2 Bxc3+ 35.Kxc3 Ne6 36.Rg4 Rac8
37.Kb4 b6 38.a5 b5 39.Be3 Rh3 40.Bb6 Rch8 41.c4 bxc4 42.Rxc4+ Kd6 43.Rd1+ Ke7
44.Rc6 Rf3 45.Rdd6 Nf4 46.Bc5 Kf7 47.Ka4 Rh4 48.b4 Ne2 49.Rd7+ Kg8 50.Rxa6 Nc3+
51.Kb3 Nb5+ 52.Ka4 Nc3+ 53.Kb3 Nd5+  1/2-1/2

[Event "URS-ch sf"]
[Site "Moscow"]
[Date "1989.??.??"]
[Round "?"]
[White "Glek, Igor V"]
[Black "Baikov, Vladimir A"]
[Result "0-1"]
[WhiteElo "2475"]
[BlackElo "2345"]

1.e4 c5 2.Nf3 d6 3.d4 cxd4 4.Nxd4 Nf6 5.Nc3 Nc6 6.Bg5 e6 7.Qd2 Be7 8.O-O-O O-O
9.Nb3 d5 10.exd5 Nxd5 11.Bxe7 Ndxe7 12.Qe3 Qc7 13.g3 b6 14.Nb5 Qb8 15.Bg2 Bb7
16.Rd7 Bc8 17.Rd2 Bb7 18.Rhd1 Nf5 19.Qe2 Na5 20.Bxb7 Nxb3+ 21.axb3 Qxb7 22.Rd7 Qg2
23.Kb1 a5 24.g4 Nh6 25.h3 Qxh3 26.f3 Qg3 27.Qe4 Rab8 28.Na7 Kh8 29.Nc6 Rbe8
30.Ne5 Qh4 31.Qd4 b5 32.Qb6 Qg5 33.Qd6 f6 34.Nc6 Nf7 35.Qc7 Ne5 36.f4 Qxf4
37.Rxg7 Qh6 38.Re7 Nxc6 39.Rxe8 Rxe8 40.Qxc6 Rg8 41.Qxe6 Qg6 42.Rd6 b4 43.Ra6 Qxg4
44.Qxf6+ Qg7 45.Qd6 Qg3 46.Qd4+ Qg7 47.Qc4 Qg4 48.Rxa5 Qxc4 49.bxc4 Rc8 50.c5 Kg7
51.Ka2 h5 52.Kb3 h4 53.Kxb4 h3 54.Ra1 Rh8 55.Kc3 Kf6 56.b4 h2 57.Rf1+ Ke6
58.Re1+ Kd7 59.Rd1+ Ke7  0-1

[Event "URS-ch sf"]
[Site "Moscow"]
[Date "1989.??.??"]
[Round "?"]
[White "Lanka, Zigurds"]
[Black "Baikov, Vladimir A"]
[Result "1-0"]
[WhiteElo "2420"]
[BlackElo "2345"]

1.e4 c5 2.Nf3 d6 3.d4 cxd4 4.Nxd4 Nf6 5.Nc3 Nc6 6.Bg5 e6 7.Qd2 Be7 8.O-O-O O-O
9.f4 h6 10.Bh4 e5 11.Nf5 Bxf5 12.exf5 exf4 13.Kb1 d5 14.Bxf6 Bxf6 15.Nxd5 Be5
16.c3 Ne7 17.Nxe7+ Qxe7 18.Bc4 Rad8 19.Qe2 Qc5 20.Qe4 b5 21.Bb3 a5 22.a3 Qc7
23.Rxd8 Rxd8 24.Rd1 Rxd1+ 25.Bxd1 Kh7 26.Bb3 a4 27.Bd5 Kg8 28.f6 Qd6 29.fxg7 Kxg7
30.Ka2 Kf6 31.h3 Ke7 32.Ka1 Kd8 33.Qd3 Qd7 34.c4 Kc7 35.cxb5 Kb6 36.Qe4 f6
37.Bc4 Qd6 38.Ka2 Kc5 39.Bf7 Qd7 40.Qc2+ Kxb5 41.Bh5 Kb6 42.Kb1 Qd4 43.Be8 Ka5
44.Bc6 Qg1+ 45.Ka2 Qd4 46.Qe2 Kb6 47.Qb5+ Kc7 48.Qb7+ Kd6 49.Bd5 Qd2 50.Qb6+ Ke7
51.Bc6 Kf8 52.Qc5+ Kf7 53.Qd5+ Qxd5+ 54.Bxd5+ Ke7 55.Bc6 Kd6 56.Bxa4 Kc5
57.Kb3 h5 58.Be8 h4 59.Kc2 Kd4 60.Bh5 Kc4 61.Be2+ Kd4 62.b4 Kd5 63.Kb3 f3
64.Bxf3+ Kd6 65.Kc4 Bb2 66.a4 Bc1 67.Kb5 Bd2 68.Kb6  1-0

[Event "New York exh"]
[Site "New York"]
[Date "1989.??.??"]
[Round "2"]
[White "Ivanov, Alexander"]
[Black "Fedorowicz, John P"]
[Result "1-0"]
[WhiteElo "2470"]
[BlackElo "2505"]

1.e4 c5 2.Nf3 d6 3.d4 cxd4 4.Nxd4 Nf6 5.Nc3 Nc6 6.Bg5 e6 7.Qd2 a6 8.O-O-O h6
9.Bf4 Bd7 10.Nxc6 Bxc6 11.f3 Qb6 12.Bc4 O-O-O 13.Be3 Qc7 14.Qf2 Nd7 15.a3 Kb8
16.Ba2 b5 17.Kb1 Bb7 18.Rd2 Be7 19.Rhd1 Nc5 20.Bf4 g5 21.Bg3 Ka8 22.b4 Nd7
23.Bxd6 Bxd6 24.Rxd6 Qxc3 25.Rxd7 Rxd7 26.Rxd7 Qxa3 27.Qd2 a5 28.bxa5 Qc5
29.Rxf7 Qg1+ 30.Kb2 Qxh2 31.Qd4 Qb8 32.Bxe6 Rd8 33.Bd5  1-0

[Event "New York op"]
[Site "New York"]
[Date "1989.??.??"]
[Round "8"]
[White "Rowley, Robert"]
[Black "Gomez Esteban, Juan Mario"]
[Result "0-1"]
[WhiteElo "2400"]
[BlackElo "2460"]

1.e4 c5 2.Nf3 Nc6 3.d4 cxd4 4.Nxd4 Nf6 5.Nc3 d6 6.Bg5 e6 7.Qd3 Be7 8.O-O-O O-O
9.f4 h6 10.Bxf6 Bxf6 11.Nxc6 bxc6 12.Qxd6 Qb6 13.e5 Rd8 14.Qa3 Qe3+ 15.Kb1 Rxd1+
16.Nxd1 Qxa3 17.bxa3 Be7 18.Bc4 Rb8+ 19.Bb3 Ba6 20.Nb2 Bxa3 21.Rd1 c5 22.c4 Bb7
23.Rd2 Be4+ 24.Ka1 a5 25.Na4 Bb4 26.Re2 Bd3 27.Rf2 Ba3 28.Rd2 Bf5 29.Nc3 Bc1
30.Re2 Bxf4 31.g3 Bg5 32.Nb5 Bd3 33.Rf2 a4 34.Bxa4 Be3 35.Rf3 Bd4+ 36.Nxd4  0-1

[Event "Novi Sad op"]
[Site "Novi Sad"]
[Date "1989.??.??"]
[Round "5"]
[White "Miranovic, Rajko"]
[Black "Sherbakov, Vitaly S"]
[Result "0-1"]
[WhiteElo "2305"]
[BlackElo "2300"]

1.e4 c5 2.Nf3 d6 3.d4 cxd4 4.Nxd4 Nf6 5.Nc3 Nc6 6.Bg5 e6 7.Qd2 a6 8.O-O-O Bd7
9.f4 b5 10.Bxf6 gxf6 11.f5 Qb6 12.Nxc6 Bxc6 13.Qe1 Ra7 14.Kb1 h5 15.Bd3 h4
16.Rf1 b4 17.Ne2 e5 18.Nc1 Qb7 19.Rf2 Bh6 20.Re2 Bg5 21.Bc4 Ke7 22.Bd5 Rc8
23.Bxc6 Rxc6 24.Rd5 a5 25.Nd3 Rc4 26.Rf2 a4 27.b3 Rc3 28.Qd1 Qb6 29.Re2 axb3
30.cxb3 Rac7 31.Qe1 Qa6 32.Qd1 Rxd3 33.Rxd3 Rc1+  0-1

[Event "Paris-ch"]
[Site "Paris"]
[Date "1989.??.??"]
[Round "2"]
[White "Psakhis, Lev"]
[Black "Miralles, Gilles"]
[Result "1/2-1/2"]
[WhiteElo "2585"]
[BlackElo "2400"]

1.e4 c5 2.Nf3 d6 3.d4 cxd4 4.Nxd4 Nf6 5.Nc3 Nc6 6.Bg5 e6 7.Qd2 Be7 8.O-O-O O-O
9.Nb3 Qb6 10.h4 Rd8 11.h5 a5 12.a4 Qb4 13.h6 d5 14.exd5 Nxd5 15.Bxe7 Qxe7
16.hxg7 Nxc3 17.Qxc3 Rxd1+ 18.Kxd1 e5 19.Bd3 e4 20.Bb5 Nb4 21.Qe3 Bf5 22.Nd4 Bg6
23.Kc1  1/2-1/2

[Event "Paris-ch"]
[Site "Paris"]
[Date "1989.??.??"]
[Round "9"]
[White "Sellos, Didier"]
[Black "Fedorowicz, John P"]
[Result "1/2-1/2"]
[WhiteElo "2405"]
[BlackElo "2505"]

1.e4 c5 2.Nf3 d6 3.d4 cxd4 4.Nxd4 Nf6 5.Nc3 Nc6 6.Bg5 Qb6 7.Nb3 e6 8.Qd2 Be7
9.O-O-O O-O 10.Be3 Qc7 11.f3 Rd8 12.Qf2 d5 13.exd5 Nxd5 14.Nxd5 Rxd5 15.Rxd5 exd5
16.a3 Bf6 17.Kb1 Qe5 18.Bc1 d4 19.Bd3 Bf5 20.Re1 Qd5 21.Bxf5 Qxf5 22.Qe2 h6
23.f4 h5 24.h3 h4 25.Qe4 Qb5 26.Rd1 a5 27.Nd2 a4 28.Nf3 Rd8 29.Rd3 Qc5 30.Bd2 Qf8
31.Ng5 Bxg5 32.fxg5 Re8 33.Qxh4 Qd6 34.Qf2 Re4 35.Bc1 Qe6 36.Rd1 Re2 37.Qf3 Qc4
38.Rd2 Re1 39.Qd3 Qd5 40.Re2 Ne5 41.Qd2 Rg1 42.Qf4 d3 43.Rxe5 Qxe5 44.Qxe5 d2
45.Qe8+ Kh7 46.Qe4+ g6 47.Qf4  1/2-1/2

[Event "World op"]
[Site "Philadelphia"]
[Date "1989.??.??"]
[Round "5"]
[White "Rowley, Robert"]
[Black "Gufeld, Eduard"]
[Result "1/2-1/2"]
[WhiteElo "2400"]
[BlackElo "2490"]

1.e4 c5 2.Nf3 Nc6 3.d4 cxd4 4.Nxd4 Nf6 5.Nc3 d6 6.Bg5 Qb6 7.Nb3 e6 8.Be2 a6
9.O-O Qc7 10.f4 Be7 11.Qe1 O-O 12.Qg3 Kh8 13.Bd3 h6 14.Qh4 Ng8 15.Bxe7 Ncxe7
16.Rad1 b5 17.a3 Bb7 18.Be2 Nf6 19.Bf3 Rad8 20.Qf2 e5 21.fxe5 dxe5 22.Qc5 Qxc5+
23.Nxc5 Bc8 24.Rxd8 Rxd8 25.Rd1 Rxd1+ 26.Bxd1 Nd7 27.Nxd7 Bxd7 28.Nd5 Nc8
29.Be2 Nd6 30.Bd3 g6 31.Ne3 Kg7 32.c4 Bc6 33.cxb5 axb5 34.Ng4 f6 35.Nf2 f5
36.exf5 gxf5 37.g3 Kf6 38.Nd1 f4 39.gxf4 exf4 40.Nc3 Ke5 41.Kf2 Kd4 42.Be2 Nc4
43.Bxc4 Kxc4 44.Ne2 Kd3 45.Nxf4+ Kc2 46.b4 Kb3 47.Ke3 Kxa3 48.Nd3 Bg2 49.Kd4 Bf1
50.Nf4 Kxb4 51.Nd5+ Kb3 52.Kc5 Bc4 53.Nb4 Kc3 54.Nc6 h5 55.h4 Bf1 56.Nb4 Kd2
57.Nd5 Bc4 58.Nc7 Ke3 59.Nxb5 Bf7 60.Nc3 Kf4 61.Kd4 Kg3 62.Ne4+ Kxh4 63.Nf6 Kg5
64.Nxh5 Bxh5  1/2-1/2

[Event "Podolsk GMA-qual"]
[Site "Podolsk"]
[Date "1989.??.??"]
[Round "?"]
[White "Kiselev, Sergey"]
[Black "Petrienko, Vladimir"]
[Result "0-1"]
[WhiteElo "2445"]
[BlackElo "2420"]

1.Nf3 c5 2.e4 d6 3.d4 cxd4 4.Nxd4 Nf6 5.Nc3 Nc6 6.Bg5 Qb6 7.Nb3 e6 8.Be2 Bd7
9.O-O Be7 10.a4 O-O 11.Kh1 Qc7 12.f4 a6 13.a5 Rfd8 14.Qe1 Be8 15.Bf3 Nd7
16.Bxe7 Nxe7 17.Be2 Nf6 18.Bd3 Bc6 19.Nd4 e5 20.fxe5 dxe5 21.Nf5 Nxf5 22.Rxf5 Rd4
23.Qh4 Re8 24.Rxf6 gxf6 25.Ne2 Rd6 26.Ng3 f5 27.Nxf5 Rg6 28.Rf1 Ree6 29.Be2 Kh8
30.Bh5 Bb5 31.c4 Bxc4 32.Rc1 Rg8 33.Be2 Qxa5 34.Bxc4 Qd2 35.Rg1 Rc6 36.Bxf7 Qxg2+  0-1

[Event "Bohemians (Women)"]
[Site "Prague"]
[Date "1989.??.??"]
[Round "?"]
[White "Lauterbach, Ingrid"]
[Black "Eretova, Kveta"]
[Result "1/2-1/2"]
[WhiteElo "2170"]
[BlackElo "2160"]

1.e4 c5 2.Nf3 d6 3.d4 cxd4 4.Nxd4 Nf6 5.Nc3 Nc6 6.Bg5 e6 7.Qd2 a6 8.O-O-O Bd7
9.Be2 b5 10.Nxc6 Bxc6 11.f4 Be7 12.Bxf6 gxf6 13.Bf3 Qb6 14.Ne2 O-O-O 15.Qc3 Kb8
16.Nd4 Bb7 17.Rhe1 Rc8 18.Qb3 Rc4 19.Qd3 Rhc8 20.Kb1 b4 21.Rd2 a5 22.Be2 e5
23.fxe5 fxe5 24.Nb3 Bxe4 25.Qxc4 Rxc4 26.Bxc4 f5 27.Red1 a4 28.Nc1 Kc7 29.Ne2 Bg5
30.Rxd6 Qxd6 31.Rxd6 Kxd6 32.Ng3 Bxg2 33.Nxf5+ Kc5 34.Be2  1/2-1/2

[Event "NOR-ch"]
[Site "Randaberg"]
[Date "1989.??.??"]
[Round "?"]
[White "Moen, Ole Christian"]
[Black "Jansson, Joran"]
[Result "0-1"]
[WhiteElo "2295"]
[BlackElo "2340"]

1.e4 c5 2.Nf3 Nc6 3.d4 cxd4 4.Nxd4 Nf6 5.Nc3 d6 6.Bg5 e6 7.Nb3 a6 8.Bd3 b5
9.O-O Be7 10.f4 h6 11.Bh4 Bb7 12.Qf3 O-O 13.Rae1 Nb4 14.f5 Nd7 15.Bg3 Bf6
16.a3 Nxd3 17.cxd3 b4 18.Nd1 bxa3 19.bxa3 Qb6+ 20.Nf2 exf5 21.Qxf5 Ne5 22.Rb1 Bc8  0-1

[Event "Reykjavik"]
[Site "Reykjavik"]
[Date "1989.??.??"]
[Round "?"]
[White "Bjarnason, Saevar"]
[Black "Thorsteins, Karl"]
[Result "0-1"]
[WhiteElo "2335"]
[BlackElo "2430"]

1.e4 c5 2.Nf3 Nc6 3.d4 cxd4 4.Nxd4 Nf6 5.Nc3 d6 6.Bg5 e6 7.Qd2 Be7 8.O-O-O O-O
9.Nb3 a6 10.f3 b5 11.h4 Bb7 12.Kb1 Ne5 13.Bd3 b4 14.Ne2 a5 15.Rhe1 a4 16.Nbd4 d5
17.exd5 Nxd3 18.cxd3 Qxd5 19.Be3 Qd7 20.g4 Nd5 21.Bf2 g6 22.f4 Bf6 23.f5 exf5
24.gxf5 a3 25.b3 Rac8 26.Rc1 Ba6 27.fxg6 fxg6 28.Rxc8 Rxc8 29.Rc1 Nc3+ 30.Nxc3 bxc3
31.Qf4 Bxd3+ 32.Ka1 Bg7 33.Qe3 Bf5 34.Rxc3 Re8 35.Qd2 Bxd4  0-1

[Event "Reykjavik"]
[Site "Reykjavik"]
[Date "1989.??.??"]
[Round "?"]
[White "Watson, William N"]
[Black "Thorsteins, Karl"]
[Result "1/2-1/2"]
[WhiteElo "2505"]
[BlackElo "2430"]

1.e4 c5 2.Nf3 Nc6 3.d4 cxd4 4.Nxd4 Nf6 5.Nc3 d6 6.Bg5 Qb6 7.Nb3 e6 8.Bxf6 gxf6
9.Qh5 Bd7 10.Be2 Rg8 11.O-O Rg6 12.a4 Rh6 13.a5 Qc7 14.Qf3 Ne5 15.Qe3 a6
16.f4 Nc4 17.Qd4 Rc8 18.Bxc4 Qxc4 19.Qe3 Be7 20.f5 Rh5 21.Rad1 Qc7 22.Qf3 Rg5
23.Rf2 b5 24.h4 Rg7 25.fxe6 fxe6 26.Qh5+ Kf8 27.Nd4 Qc5 28.Qf3 Qe5 29.Nce2 Kg8  1/2-1/2

[Event "Sagua la Grande"]
[Site "Sagua la Grande"]
[Date "1989.??.??"]
[Round "1"]
[White "Martin del Campo, Roberto"]
[Black "Estevez, Guillermo"]
[Result "1/2-1/2"]
[WhiteElo "2455"]
[BlackElo "2405"]

1.e4 c5 2.Nf3 d6 3.d4 cxd4 4.Nxd4 Nf6 5.Nc3 Nc6 6.Bg5 Bd7 7.Qd2 Rc8 8.O-O-O Nxd4
9.Qxd4 Qa5 10.Bd2 a6 11.f3 g6 12.a3 Bg7 13.g4 O-O 14.Qd3 Be6 15.h4 Nd7 16.Nd5 Qd8
17.Kb1 Nc5 18.Qe3 Na4 19.Bc1 Rc6 20.Rd3 Bxd5 21.exd5 Rb6 22.Rb3 Qc7 23.Rh2 Rc8
24.h5 Rxb3 25.Qxb3 b5 26.hxg6 hxg6 27.f4 Qa5 28.Qh3 Qe1 29.g5 Rc7 30.Re2 Qd1
31.Rd2 Qe1 32.Re2 Qd1  1/2-1/2

[Event "Salamanca"]
[Site "Salamanca"]
[Date "1989.??.??"]
[Round "?"]
[White "De la Villa Garcia, Jesus Maria"]
[Black "Gomez Esteban, Juan Mario"]
[Result "1/2-1/2"]
[WhiteElo "2430"]
[BlackElo "2460"]

1.e4 c5 2.Nf3 d6 3.d4 cxd4 4.Nxd4 Nf6 5.Nc3 Nc6 6.Bg5 e6 7.Qd2 Be7 8.O-O-O O-O
9.Nb3 Qb6 10.f3 a6 11.h4  1/2-1/2

[Event "Sao Paulo"]
[Site "Sao Paulo"]
[Date "1989.??.??"]
[Round "?"]
[White "Campora, Daniel H"]
[Black "Milos, Gilberto"]
[Result "1-0"]
[WhiteElo "2500"]
[BlackElo "2510"]

1.e4 c5 2.Nf3 d6 3.d4 cxd4 4.Nxd4 Nf6 5.Nc3 Nc6 6.Bg5 Bd7 7.Qd2 Rc8 8.O-O-O Nxd4
9.Qxd4 Qa5 10.Bxf6 gxf6 11.Kb1 Rg8 12.Nd5 Qc5 13.Qxc5 Rxc5 14.g3 Bg7 15.Ne3 f5
16.exf5 Bxf5 17.b4 Re5 18.Nxf5 Rxf5 19.f4 Kd8 20.c4 Kc7 21.Kc2 Bf6 22.Bd3 Rh5
23.Be2 Rh6 24.Bf3 Ra8 25.Rd3 e6 26.h4 Rg8 27.Be2 Be7 28.Rf1 f5 29.h5 Rf6
30.Re3 Re8 31.Re1 Bf8 32.Bf3 e5 33.fxe5 dxe5 34.Rxe5 Rxe5 35.Rxe5 Bd6 36.Ra5 a6
37.c5 Bxg3 38.c6 bxc6 39.Rxa6 Bf2 40.b5 f4 41.bxc6 Rf7 42.Ra8 Bc5 43.a4 Re7
44.Rf8 Re2+ 45.Bxe2 Bxf8 46.Bf3 Bc5 47.Kc3 Kd6 48.a5 h6 49.Kd3 Bb4 50.a6 Bc5
51.Ke2 Kc7 52.Kf1 Kb8 53.Kg2 Bd6 54.Kh3 Ka7 55.Kg4  1-0

[Event "Sao Paulo"]
[Site "Sao Paulo"]
[Date "1989.??.??"]
[Round "?"]
[White "Van Riemsdijk, Herman C"]
[Black "Milos, Gilberto"]
[Result "1/2-1/2"]
[WhiteElo "2350"]
[BlackElo "2510"]

1.e4 c5 2.Nf3 d6 3.d4 cxd4 4.Nxd4 Nf6 5.Nc3 Nc6 6.Bg5 Bd7 7.Be2 Qa5 8.Bxf6 gxf6
9.O-O Rg8 10.Nd5 Bh3 11.Bf3 Ne5 12.Nf4 Bd7 13.Nd5 Bh6 14.Nf5 Bxf5 15.exf5 Rc8
16.c3 Qc5 17.b4 Qc4 18.Re1 Kf8 19.g3 Nxf3+ 20.Qxf3 Re8 21.Rad1 Rg5 22.Rd4 Qxa2
23.h4 Rg8 24.Nc7 Rc8 25.Qxb7 Kg7 26.Rxe7 Kh8 27.Qf3 Bd2 28.Kh2 Bxc3 29.Rd5 Be5
30.Kh3 Qc4 31.Nb5 Qf1+ 32.Qg2 Qe2 33.Nd4 Qg4+ 34.Kh2 Qxh4+ 35.Qh3 Qxh3+  1/2-1/2

[Event "Sevilla op"]
[Site "Sevilla"]
[Date "1989.??.??"]
[Round "?"]
[White "Sion Castro, Marcelino"]
[Black "Franco Ocampo, Zenon"]
[Result "0-1"]
[WhiteElo "2315"]
[BlackElo "2490"]

1.e4 c5 2.Nf3 Nc6 3.d4 cxd4 4.Nxd4 Nf6 5.Nc3 d6 6.Bg5 Qb6 7.Nb3 e6 8.Qd2 Be7
9.O-O-O O-O 10.f3 Rd8 11.Kb1 a6 12.h4 Qc7 13.Qe1 b5 14.Qg3 Kh8 15.Bd3 Ne5
16.f4 Nxd3 17.cxd3 b4 18.Ne2 a5 19.Nbd4 Bd7 20.Qf3 a4 21.g4 a3 22.b3 Rac8
23.Rc1 Qb6 24.h5 Rxc1+ 25.Rxc1 h6 26.Bh4 e5 27.Nf5 Bxf5 28.exf5 exf4 29.Bf2 Qb5
30.Nxf4 Qe5 31.Rc2 d5 32.Re2 Qc7 33.Rc2 Qe5 34.Re2 Qc7 35.Rc2 Qd7 36.Bd4 Rc8
37.Rxc8+ Qxc8 38.Ng2 Qc6 39.Qe3 Ng8 40.Nf4 Bg5 41.Qe5 Bf6 42.Qe3 Bxd4 43.Qxd4 Qd6
44.Kc2 Nf6 45.Ne2 Ne8 46.Kd2 Nc7 47.Qe3 Kh7 48.d4 Qd7 49.Qd3 Kg8 50.Qg3 Nb5
51.Qb8+ Kh7 52.Qb6 Nd6 53.Qxb4 Ne4+ 54.Ke3 Qd8 55.Qb7 Qg5+ 56.Nf4 Qxg4 57.Qxd5 Nc3
58.Qxf7 Qg3+ 59.Kd2 Ne4+ 60.Ke2 Qf2+ 61.Kd3 Qf3+  0-1

[Event "URS Army-ch"]
[Site "Simferopol"]
[Date "1989.??.??"]
[Round "?"]
[White "Petrushin, Alexander I"]
[Black "Utemov, Vladimir"]
[Result "1-0"]
[WhiteElo "2360"]
[BlackElo "2395"]

1.e4 c5 2.Nf3 d6 3.d4 cxd4 4.Nxd4 Nf6 5.Nc3 Nc6 6.Bg5 e6 7.Qd2 Be7 8.O-O-O O-O
9.Nb3 Qb6 10.f3 Rd8 11.Nb5 Rd7 12.Be3 Qd8 13.N5d4 e5 14.Nxc6 bxc6 15.Na5 Qc7
16.Qc3 Bb7 17.Bc4 d5 18.exd5 Nxd5 19.Bxd5 cxd5 20.Qxc7 Rxc7 21.Nxb7 d4 22.Na5 dxe3
23.Rd5 Rac8 24.c3 Rc5 25.Rxc5 Rxc5 26.Nb3 Rc6 27.Re1 f5 28.Kc2 f4 29.Nc1 Rh6
30.h3 Bh4 31.Re2 Kf7 32.Nd3 Ke6 33.Nc5+ Kf5 34.Ne4 Ra6 35.a3 Be7 36.c4 g5
37.Kd3 h5 38.Rc2 g4 39.hxg4+ hxg4 40.c5 Ra4  1-0

[Event "Sochi-B"]
[Site "Sochi"]
[Date "1989.??.??"]
[Round "?"]
[White "Grosar, Aljosa"]
[Black "Filipenko, Alexander V"]
[Result "1/2-1/2"]
[WhiteElo "2385"]
[BlackElo "2380"]

1.e4 c5 2.Nf3 Nc6 3.d4 cxd4 4.Nxd4 Nf6 5.Nc3 d6 6.Bg5 e6 7.Qd2 a6 8.O-O-O Bd7
9.f4 b5 10.Bxf6 gxf6 11.Nxc6 Bxc6 12.Qe1 b4 13.Nd5 a5 14.Rd4 Ra7 15.Rc4 Ba4
16.Ne3 f5 17.exf5 d5 18.Rd4 Bg7 19.Rd2 Qf6 20.Nd1 Qxf5 21.Qf2 Ra8 22.Bd3 Qf6
23.g4 Bd7 24.g5 Qd4 25.Qxd4 Bxd4 26.Bxh7 Bxb2+ 27.Kxb2 Rxh7 28.h4 Rc8 29.Ne3 Ke7
30.h5 Rc3 31.Ng4 Bb5 32.Nf6 Rh8 33.Re1 Bc4 34.Rxd5 Bxd5 35.Nxd5+ Kd6 36.Nxc3 bxc3+
37.Kxc3 Rxh5 38.Rd1+ Kc5 39.Rd7 e5 40.Rxf7 exf4 41.g6 Rh3+ 42.Kd2 Rg3  1/2-1/2

[Event "SWE-ch"]
[Site "?"]
[Date "1989.??.??"]
[Round "?"]
[White "Ernst, Thomas"]
[Black "Ornstein, Axel"]
[Result "0-1"]
[WhiteElo "2460"]
[BlackElo "2460"]

1.e4 c5 2.Nf3 Nc6 3.d4 cxd4 4.Nxd4 Nf6 5.Nc3 d6 6.Bg5 e6 7.Qd2 Be7 8.O-O-O O-O
9.Nb3 Qb6 10.h4 Rd8 11.h5 h6 12.Be3 Qc7 13.f4 a6 14.Be2 b5 15.Bf3 d5 16.e5 b4
17.Na4 Nd7 18.Nd4 Bb7 19.b3 Nxd4 20.Bxd4 Bc6 21.Nb2 a5 22.Nd3 Bb5 23.Kb1 a4
24.g4 Bxd3 25.Qxd3 Bc5 26.Rd2 Qa7 27.Bxc5 Nxc5 28.Qd4 axb3 29.cxb3 Qa5 30.Rc2 Rdc8
31.Rhc1 Rc7 32.g5 Nxb3 33.axb3 Rc3 34.Qxb4 Qa1+  0-1

[Event "Tapolca"]
[Site "Tapolca"]
[Date "1989.??.??"]
[Round "?"]
[White "Payen, Arnaud"]
[Black "Gyorkos, Lajos"]
[Result "1-0"]
[WhiteElo "2240"]
[BlackElo "2370"]

1.e4 c5 2.Nf3 Nc6 3.d4 cxd4 4.Nxd4 Nf6 5.Nc3 d6 6.Bg5 e6 7.Qd2 a6 8.O-O-O Bd7
9.f4 b5 10.Qe1 Nxd4 11.Rxd4 Qb6 12.Rd2 b4 13.Nd1 Be7 14.Bd3 h6 15.Bh4 g5
16.fxg5 hxg5 17.Bf2 Qa5 18.Kb1 Nh5 19.g3 Bf6 20.Ne3 Bb5 21.Qe2 Be5 22.Qd1 Rc8
23.Ng4 Bg7 24.Rf1 Nf6 25.Be3 Nxg4 26.Qxg4 Bc4 27.Bxc4 Rxc4 28.Qxg5 Qxg5 29.Bxg5 Rxe4
30.Rxd6 f6 31.Bh4 a5 32.b3 Kf7 33.Rd7+ Kg6 34.Rxg7+ Kxg7 35.Bxf6+ Kg8 36.Bxh8 Kxh8
37.Rf2 Kg7 38.a3 e5 39.axb4 axb4 40.Kb2 Re3 41.Kc1  1-0